000 00573cam a22002053a 4500
001 44382
003 PGUSA
005 20140828084020.0
008 131207s2013||||xxu|||||s|||||000 | eng d
040 _aPGUSA
_beng
042 _adc
100 1 _aGregory, Edward W.
245 1 0 _aOld Country Inns of England
_h[electronic resource] /
_cEdward W. Gregory
260 _bProject Gutenberg,
_c2013
506 _aPublic domain in the USA.
516 _aElectronic text
830 0 _aProject Gutenberg
_v44382
856 4 0 _uhttp://www.gutenberg.org/ebooks/44382
942 _cEB
999 _c273633
_d273633